000
00338nam a22001457a 4500
008
211013b ||||| |||| 00| 0 eng d
020
_a
9780534527495
041
_a
eng
080
_2
3rd
_a
321
082
_a
321
100
_a
49
101
_a
PSI
245
_a
Justice Alternative Political Perspectives
_c
Sterba,J.P
942
_2
udc
_c
BK
999
_c
58214
_d
58214